000 01316 a2200253 4500
001 2162214035926813
003 UA-OsUOA
005 20260513114425.0
008 260513b un ||||| |||| 00| fdukr d
020 _a9786177323951
040 _aUA-OsUOA
_bukr
_cUA-OsUOA
_dUA-OsUOA
041 _aukr
080 _a821.161.2
090 _a821.161.2
_bC19
100 _aСапон В.
_925222
245 _aЧубарейко небо оре
_bщоденникова проза
260 _aЧернівці
_bДесна Поліграф
_c2016
300 _a224 с.
520 _aУ щоденниковій прозі, написаній як невеличкі новели, поринаємо у ностальгійні часи дитинства і югості письменника чи раптово потрапляємо в сучасний комп'ютерний світ, де, на жаль, красному письменству, до якого часто звертається автор, все менше і менше залишається місця під сонцем.
650 _a82 Література. Літературознавство
_915
942 _cBK
_2udc
955 _a3
999 _c580693
_d580693